|
|
|
|
| LEADER |
01940nam a22003017a 4500 |
| 003 |
GR-PaULI |
| 005 |
20241007130830.0 |
| 008 |
241007s2018 gr ||||| |||| 00| 0 gre d |
| 020 |
|
|
|a 9789606190148
|
| 040 |
|
|
|a GR-PaULI
|b gre
|c GR-PaULI
|e AACR2
|
| 041 |
1 |
|
|a gre
|h eng
|
| 082 |
0 |
4 |
|2 23
|a 370.949 5
|
| 100 |
1 |
|
|a Ζέρβας, Θεόδωρος Γ.
|e συγγραφέας
|9 206194
|
| 245 |
1 |
0 |
|a Μαθαίνοντας να είσαι Έλληνας :
|b τυπική και άτυπη εκπαίδευση κατά την ανάπτυξη του ελληνικού πατριωτισμού (1880-1930) /
|c Θεόδωρος Γ. Ζέρβας ; μετάφραση Ελένη Αραβοπούλου ; επιμέλεια έκδοσης Βασίλης Αργυριάδης.
|
| 260 |
|
|
|a Αθήνα :
|b Ἐν πλῷ,
|c 2018.
|
| 300 |
|
|
|a 290 σ. ;
|c 22 εκ.
|
| 500 |
|
|
|a Τίτλος πρωτοτύπου: Formal and informal education during the rise of Greek nationalism.
|
| 504 |
|
|
|a Περιλαμβάνει βιβλιογραφικές παραπομπές.
|
| 650 |
|
4 |
|a Μη επίσημη εκπαίδευση
|x Ιστορία
|y 19ος αιώνας
|z Ελλάδα
|9 206196
|
| 650 |
|
4 |
|a Εκπαίδευση
|x Ιστορία
|y 19ος αιώνας
|z Ελλάδα
|9 206197
|
| 650 |
|
4 |
|a Εθνικισμός και εκπαίδευση
|x Ελλάδα
|9 10910
|
| 650 |
|
4 |
|a Εκπαίδευση και κοινωνία
|z Ελλάδα
|9 45704
|
| 700 |
1 |
|
|a Αραβοπούλου, Ελένη
|e μεταφράστρια
|9 206195
|
| 700 |
1 |
|
|a Αργυριάδης, Βασίλης,
|d 1975-
|e επιμελητής
|9 170246
|
| 765 |
|
|
|i Μετάφραση του :
|t Formal and informal education during the rise of Greek nationalism.
|
| 942 |
|
|
|2 ddc
|c BK
|
| 952 |
|
|
|0 0
|1 0
|2 ddc
|4 0
|6 370_949000000000000_5_ΖΕΡ
|7 0
|9 383987
|a PTDE
|b PTDE
|d 2024-10-07
|i 13236
|l 0
|o 370.949 5 ΖΕΡ
|p 025000304389
|r 2024-10-07 12:58:52
|t 1
|w 2024-10-07
|y BK
|z Δωρεά
|
| 999 |
|
|
|c 223131
|d 223131
|